[Event "25. Open Internacional de Andorra"]
[Site "Andorra AND"]
[Date "2007.07.02"]
[Round "3.20"]
[White "Fernandez Lopez, Joan"]
[Black "Shumiakina, Tatiana"]
[Result "0-1"]
[WhiteElo "2051"]
[BlackElo "2375"]
[PlyCount "56"]
[EventDate "2007.06.30"]
[EventType "swiss"]
[EventRounds "9"]
[EventCountry "AND"]
[Source "lmi"]
[SourceDate "2007.06.30"]

1. e4 c5 2. Nf3 Nc6 3. Bb5 g6 4. c3 Bg7 5. d4 cxd4 6. cxd4 Qb6 7. Nc3 a6 8. Nd5
Qd8 9. Bf4 d6 10. Ba4 Bg4 11. O-O b5 12. Bb3 Nxd4 13. Rc1 Bxf3 14. Nc7+ Qxc7
15. gxf3 Qd7 16. Bd5 Rc8 17. Rxc8+ Qxc8 18. Be3 Ne6 19. Qb3 Nh6 20. Rc1 Nc5 21.
Bxh6 Bxh6 22. Bxf7+ Kf8 23. Bd5 Bxc1 24. Qc3 e5 25. Qxc1 Kg7 26. Qg5 Qd8 27.
Qg4 h5 28. Qh3 Rf8 0-1

[Event "25. Open Internacional de Andorra"]
[Site "Andorra AND"]
[Date "2007.07.03"]
[Round "4.2"]
[White "Strikovic, Aleksa"]
[Black "Damljanovic, Branko"]
[Result "1/2-1/2"]
[WhiteElo "2563"]
[BlackElo "2585"]
[PlyCount "24"]
[EventDate "2007.06.30"]
[EventType "swiss"]
[EventRounds "9"]
[EventCountry "AND"]
[Source "lmi"]
[SourceDate "2007.06.30"]

1. Nf3 Nf6 2. d4 d5 3. c4 e6 4. cxd5 exd5 5. Nc3 c6 6. Bf4 Bd6 7. Bxd6 Qxd6 8.
e3 Bg4 9. Bd3 Nbd7 10. h3 Bxf3 11. Qxf3 a5 12. O-O O-O 1/2-1/2

[Event "25. Open Internacional de Andorra"]
[Site "Andorra AND"]
[Date "2007.07.03"]
[Round "4.3"]
[White "Rodshtein, Maxim"]
[Black "Baklan, Vladimir"]
[Result "1/2-1/2"]
[WhiteElo "2530"]
[BlackElo "2618"]
[PlyCount "119"]
[EventDate "2007.06.30"]
[EventType "swiss"]
[EventRounds "9"]
[EventCountry "AND"]
[Source "lmi"]
[SourceDate "2007.06.30"]

1. d4 Nf6 2. c4 e6 3. Nf3 b6 4. g3 Ba6 5. b3 Bb7 6. Bg2 Bb4+ 7. Bd2 a5 8. O-O
O-O 9. Nc3 d6 10. a3 Bxc3 11. Bxc3 Nbd7 12. Qc2 Be4 13. Qb2 a4 14. b4 b5 15. c5
Nd5 16. Rfe1 f5 17. Bf1 f4 18. Nd2 Bg6 19. Bh3 Qf6 20. Rf1 dxc5 21. bxc5 Nxc5
22. Bb4 Nxb4 23. Qxb4 Ne4 24. Nxe4 Bxe4 25. Qxb5 Qxd4 26. Bxe6+ Kh8 27. Rad1
Qf6 28. Qc4 fxg3 29. hxg3 Rae8 30. Bd5 Bxd5 31. Rxd5 Qf7 32. e3 h6 33. Rc5 Qf3
34. Rxc7 Re4 35. Qd5 Qg4 36. Qd7 Rf5 37. Qc8+ Kh7 38. Rc5 Rxc5 39. Qxc5 Rc4 40.
Qd6 Qf5 41. Rd1 Rc2 42. Rf1 Qe4 43. Qf8 Qd3 44. Qb4 Rc3 45. Qxa4 Rxa3 46. Rd1
Rxa4 47. Rxd3 h5 48. Kg2 Kg6 49. Rd5 Kh6 50. f4 g6 51. Kf3 Kg7 52. Rd7+ Kf6 53.
e4 Ra3+ 54. Kg2 Re3 55. e5+ Kf5 56. Kh3 g5 57. Rf7+ Kg6 58. Rf6+ Kg7 59. fxg5
Rxe5 60. Kh4 1/2-1/2

[Event "25. Open Internacional de Andorra"]
[Site "Andorra AND"]
[Date "2007.07.03"]
[Round "4.4"]
[White "Arizmendi Martinez, Julen Luis"]
[Black "Khenkin, Igor"]
[Result "0-1"]
[WhiteElo "2525"]
[BlackElo "2629"]
[PlyCount "88"]
[EventDate "2007.06.30"]
[EventType "swiss"]
[EventRounds "9"]
[EventCountry "AND"]
[Source "lmi"]
[SourceDate "2007.06.30"]

1. e4 c6 2. d4 d5 3. e5 c5 4. dxc5 Nc6 5. Bb5 e6 6. Be3 Nge7 7. c3 Bd7 8. Bxc6
Bxc6 9. Nf3 Nf5 10. Bd4 a5 11. O-O Nxd4 12. Qxd4 a4 13. Nbd2 Qa5 14. b4 axb3
15. Nxb3 Qa3 16. Qe3 Ba4 17. h3 Be7 18. Kh2 O-O 19. Nfd4 Bxb3 20. axb3 Qxc5 21.
f4 g6 22. g4 Rxa1 23. Rxa1 Re8 24. Kg2 Bf8 25. h4 Rc8 26. f5 exf5 27. gxf5 Qxc3
28. Qxc3 Rxc3 29. f6 Rc8 30. Nf3 h6 31. Ra7 Rb8 32. Ra5 Rd8 33. Ra7 d4 34. Rxb7
d3 35. Nd2 Rd5 36. Rb8 Rxe5 37. Kf3 Rf5+ 38. Ke4 Rxf6 39. Kxd3 h5 40. Ke2 Kg7
41. Nf3 Re6+ 42. Kf1 Re4 43. Kg2 Rg4+ 44. Kf1 Be7 0-1

[Event "25. Open Internacional de Andorra"]
[Site "Andorra AND"]
[Date "2007.07.03"]
[Round "4.5"]
[White "Postny, Evgeny"]
[Black "Comas Fabrego, Luis"]
[Result "1/2-1/2"]
[WhiteElo "2622"]
[BlackElo "2487"]
[PlyCount "99"]
[EventDate "2007.06.30"]
[EventType "swiss"]
[EventRounds "9"]
[EventCountry "AND"]
[Source "lmi"]
[SourceDate "2007.06.30"]

1. d4 Nf6 2. c4 g6 3. Nc3 d5 4. e3 Bg7 5. Qb3 dxc4 6. Bxc4 O-O 7. Nf3 Nc6 8.
Be2 Nd7 9. O-O Nb6 10. Rd1 a5 11. Ne4 a4 12. Qa3 Be6 13. Nc5 Bc4 14. Bxc4 Nxc4
15. Qd3 Nd6 16. Bd2 e5 17. d5 Nb8 18. Bc3 Re8 19. Nd2 Na6 20. Nxa6 Rxa6 21.
Rac1 Qh4 22. a3 c5 23. dxc6 Rxc6 24. Bb4 e4 25. Qb1 Ra6 26. Nf1 Be5 27. Rc5 Qf6
28. b3 axb3 29. Qxb3 Nf5 30. Rb5 Rae6 31. Rxb7 Nh4 32. Rdd7 Qg5 33. Ng3 Rc8 34.
Qd1 h5 35. Rxf7 Qg4 36. Qc2 Ree8 37. h3 Qxg3 38. fxg3 Rxc2 39. gxh4 Rd8 40.
Rfd7 Rxd7 41. Rxd7 Bg3 42. Rd8+ Kg7 43. Rd1 Bf2+ 44. Kh1 Bxe3 45. Re1 Bf2 46.
Rf1 e3 47. Be1 Ra2 48. Bxf2 exf2 49. Kh2 Rxa3 50. Rxf2 1/2-1/2

[Event "25. Open Internacional de Andorra"]
[Site "Andorra AND"]
[Date "2007.07.03"]
[Round "4.6"]
[White "De la Riva Aguado, Oscar"]
[Black "Timoshenko, Georgy"]
[Result "1/2-1/2"]
[WhiteElo "2525"]
[BlackElo "2566"]
[PlyCount "29"]
[EventDate "2007.06.30"]
[EventType "swiss"]
[EventRounds "9"]
[EventCountry "AND"]
[Source "lmi"]
[SourceDate "2007.06.30"]

1. e4 c5 2. Nf3 Nc6 3. Bb5 d6 4. O-O Bd7 5. Re1 Nf6 6. h3 g6 7. c3 Ne5 8. Be2
Nxe4 9. d4 Nc6 10. d5 Ne5 11. Nxe5 dxe5 12. Bf3 Nd6 13. Rxe5 Bg7 14. Re1 O-O
15. Nd2 1/2-1/2

[Event "25. Open Internacional de Andorra"]
[Site "Andorra AND"]
[Date "2007.07.03"]
[Round "4.8"]
[White "Fernandez Romero, Ernesto"]
[Black "Peralta, Fernando"]
[Result "1/2-1/2"]
[WhiteElo "2437"]
[BlackElo "2563"]
[PlyCount "80"]
[EventDate "2007.06.30"]
[EventType "swiss"]
[EventRounds "9"]
[EventCountry "AND"]
[Source "lmi"]
[SourceDate "2007.06.30"]

1. e4 c6 2. d4 d5 3. Nc3 dxe4 4. Nxe4 Bf5 5. Ng3 Bg6 6. h4 h6 7. Nf3 Nd7 8. h5
Bh7 9. Bd3 Bxd3 10. Qxd3 e6 11. Bf4 Qa5+ 12. Bd2 Bb4 13. c3 Be7 14. c4 Qc7 15.
O-O-O Ngf6 16. Rhe1 b5 17. c5 O-O 18. Ne4 Nxe4 19. Qxe4 Nf6 20. Qe2 Qd7 21. Kb1
Qd5 22. Ne5 a5 23. g4 Nd7 24. f4 Nxe5 25. dxe5 Qxc5 26. Be3 Qc4 27. Qxc4 bxc4
28. Rd7 Bh4 29. Rc1 f5 30. gxf5 Rxf5 31. Rxc4 Rc8 32. Rd6 Kf7 33. Rcxc6 Rxc6
34. Rxc6 Rxh5 35. Rc7+ Kg6 36. Kc2 Bd8 37. Rd7 Rh2+ 38. Kd3 Bh4 39. Rb7 h5 40.
Ke4 Re2 1/2-1/2

[Event "25. Open Internacional de Andorra"]
[Site "Andorra AND"]
[Date "2007.07.03"]
[Round "4.9"]
[White "Edouard, Romain"]
[Black "Flores, Diego"]
[Result "1-0"]
[WhiteElo "2447"]
[BlackElo "2543"]
[PlyCount "75"]
[EventDate "2007.06.30"]
[EventType "swiss"]
[EventRounds "9"]
[EventCountry "AND"]
[Source "lmi"]
[SourceDate "2007.06.30"]

1. e4 c5 2. Nf3 e6 3. d4 cxd4 4. Nxd4 Qb6 5. Nc3 Bc5 6. Na4 Qa5+ 7. c3 Bxd4 8.
Qxd4 Nf6 9. Nc5 Nc6 10. Qd6 b6 11. Nb3 Qe5 12. Qxe5 Nxe5 13. f3 Ke7 14. Bf4 Ng6
15. Bd2 Bb7 16. a4 Rhc8 17. a5 d5 18. exd5 Bxd5 19. c4 Bb7 20. Nd4 Ba6 21. Kf2
Nd7 22. b3 Nge5 23. Be2 Nc5 24. Rhd1 f6 25. Be3 Bb7 26. b4 Na6 27. b5 Nc5 28.
a6 Be4 29. fxe4 Nxe4+ 30. Kf1 Rxc4 31. Bxc4 Nxc4 32. Nc6+ Kf7 33. Rd7+ Kg6 34.
Bc1 Ned6 35. Re7 Rf8 36. Ra4 Ne5 37. Nxe5+ fxe5+ 38. Ke1 1-0

[Event "25. Open Internacional de Andorra"]
[Site "Andorra AND"]
[Date "2007.07.03"]
[Round "4.10"]
[White "Perez Candelario, Manuel"]
[Black "Vega Gutierrez, Sabrina Neide"]
[Result "1/2-1/2"]
[WhiteElo "2511"]
[BlackElo "2335"]
[PlyCount "37"]
[EventDate "2007.06.30"]
[EventType "swiss"]
[EventRounds "9"]
[EventCountry "AND"]
[Source "lmi"]
[SourceDate "2007.06.30"]

1. e4 c5 2. Nf3 Nc6 3. d4 cxd4 4. Nxd4 Nf6 5. Nc3 e5 6. Ndb5 d6 7. Bg5 a6 8.
Na3 b5 9. Nd5 Be7 10. Bxf6 Bxf6 11. c4 b4 12. Nc2 a5 13. Be2 O-O 14. O-O Bg5
15. Qd3 Be6 16. Rad1 Bxd5 17. cxd5 Nb8 18. a3 Na6 19. axb4 1/2-1/2

[Event "25. Open Internacional de Andorra"]
[Site "Andorra AND"]
[Date "2007.07.03"]
[Round "4.11"]
[White "Furman, Boris"]
[Black "Del Rio Angelis, Salvador Gabriel"]
[Result "0-1"]
[WhiteElo "2279"]
[BlackElo "2505"]
[PlyCount "46"]
[EventDate "2007.06.30"]
[EventType "swiss"]
[EventRounds "9"]
[EventCountry "AND"]
[Source "lmi"]
[SourceDate "2007.06.30"]

1. d4 f5 2. c4 Nf6 3. Nc3 g6 4. f3 c5 5. d5 d6 6. e4 Bg7 7. exf5 gxf5 8. Bd3
O-O 9. Qc2 Nh5 10. Nge2 e5 11. Be3 e4 12. fxe4 f4 13. Bf2 Nd7 14. e5 Nxe5 15.
Bxh7+ Kh8 16. O-O-O Qg5 17. Kb1 Nxc4 18. g3 fxg3 19. hxg3 Rxf2 20. Ne4 Qe5 21.
Rxh5 Na3+ 22. Kc1 Qxh5 23. bxa3 Rxe2 0-1

[Event "25. Open Internacional de Andorra"]
[Site "Andorra AND"]
[Date "2007.07.03"]
[Round "4.13"]
[White "Simonet Pons, Marc"]
[Black "Damaso, Rui"]
[Result "0-1"]
[WhiteElo "2260"]
[BlackElo "2438"]
[PlyCount "59"]
[EventDate "2007.06.30"]
[EventType "swiss"]
[EventRounds "9"]
[EventCountry "AND"]
[Source "lmi"]
[SourceDate "2007.06.30"]

1. d4 e6 2. g3 c5 3. Nf3 Qa5+ 4. Nbd2 cxd4 5. Bg2 Nc6 6. O-O e5 7. Nc4 Qc7 8.
e3 d5 9. Ncxe5 Nxe5 10. Nxe5 Qxe5 11. exd4 Qd6 12. Re1+ Be7 13. Bf4 Qd8 14. c4
Nf6 15. Qa4+ Kf8 16. c5 Be6 17. Rac1 h5 18. c6 bxc6 19. Qxc6 Rc8 20. Qb7 Rxc1
21. Rxc1 Kg8 22. Qxa7 Kh7 23. Rc6 Re8 24. Bf1 Ne4 25. Bd3 Bg5 26. Be5 Kg8 27.
f3 Be3+ 28. Kg2 Nf2 29. Bb5 Bh3+ 30. Kg1 0-1

[Event "25. Open Internacional de Andorra"]
[Site "Andorra AND"]
[Date "2007.07.03"]
[Round "4.14"]
[White "Martin Perez, Javier"]
[Black "Garcia Roman, Daniel"]
[Result "0-1"]
[WhiteElo "2241"]
[BlackElo "2425"]
[PlyCount "50"]
[EventDate "2007.06.30"]
[EventType "swiss"]
[EventRounds "9"]
[EventCountry "AND"]
[Source "lmi"]
[SourceDate "2007.06.30"]

1. e4 c6 2. d4 d5 3. exd5 cxd5 4. c4 Nf6 5. Nc3 e6 6. Nf3 Bb4 7. cxd5 Nxd5 8.
Bd2 Nc6 9. Bc4 O-O 10. O-O Nb6 11. Bd3 Nxd4 12. Ng5 Nf5 13. Qf3 Bxc3 14. bxc3
h6 15. Ne4 Bd7 16. Rfd1 Ba4 17. Re1 Bc6 18. Rad1 Qh4 19. g3 Qe7 20. Qh5 Rfd8
21. Bf4 Rd5 22. c4 Nxg3 23. Qg4 Rxd3 24. Nxg3 Bf3 25. Nf5 exf5 0-1

[Event "25. Open Internacional de Andorra"]
[Site "Andorra AND"]
[Date "2007.07.03"]
[Round "4.15"]
[White "Vila Gazquez, Javier"]
[Black "Teixeira, Rafael Goltsman"]
[Result "1-0"]
[WhiteElo "2415"]
[BlackElo "2229"]
[PlyCount "99"]
[EventDate "2007.06.30"]
[EventType "swiss"]
[EventRounds "9"]
[EventCountry "AND"]
[Source "lmi"]
[SourceDate "2007.06.30"]

1. e4 c5 2. Nf3 d6 3. d4 cxd4 4. Nxd4 Nf6 5. Nc3 g6 6. Be3 Bg7 7. f3 O-O 8. Qd2
Nc6 9. g4 Be6 10. Nxe6 fxe6 11. O-O-O Ne5 12. Be2 Qc7 13. Nb5 Qc8 14. Nd4 Nc4
15. Bxc4 Qxc4 16. Kb1 Nd7 17. b3 Qc8 18. Nxe6 Bc3 19. Qd5 Nb6 20. Bxb6 axb6 21.
Nxf8+ Kxf8 22. Qc4 Qxc4 23. bxc4 Ra4 24. Rd3 Rxc4 25. a3 b5 26. Ka2 Bd4 27. Kb3
e5 28. Rb1 Bc5 29. Kb2 Ra4 30. Rb3 Ra5 31. Kc3 Bd4+ 32. Kd3 b6 33. f4 Bc5 34.
f5 Ra4 35. c3 d5 36. Re1 d4 37. cxd4 Rxd4+ 38. Kc2 Ra4 39. Rd3 Ke7 40. Rh3 Kf6
41. Rxh7 gxf5 42. gxf5 Rxa3 43. Rh6+ Kg7 44. Rc6 Ra2+ 45. Kb1 Rxh2 46. Rf1 Rf2
47. Rxf2 Bxf2 48. Kc2 Bd4 49. Kb3 Kf7 50. Kb4 1-0

[Event "25. Open Internacional de Andorra"]
[Site "Andorra AND"]
[Date "2007.07.03"]
[Round "4.17"]
[White "Panelo Muñoz, Marcelo"]
[Black "Vega Gutierrez, Belinda Vidina"]
[Result "1-0"]
[WhiteElo "2392"]
[BlackElo "2159"]
[PlyCount "51"]
[EventDate "2007.06.30"]
[EventType "swiss"]
[EventRounds "9"]
[EventCountry "AND"]
[Source "lmi"]
[SourceDate "2007.06.30"]

1. d4 d5 2. c4 e6 3. Nf3 Nf6 4. Bg5 Be7 5. Nc3 O-O 6. e3 h6 7. Bh4 b6 8. Rc1
Bb7 9. Bxf6 Bxf6 10. cxd5 exd5 11. Bd3 Qe7 12. O-O Rd8 13. Re1 c5 14. Bb1 Na6
15. Qa4 Nc7 16. Ne2 g6 17. Nf4 b5 18. Qc2 c4 19. h4 Bc8 20. Qd2 Bxh4 21. Bxg6
Bg5 22. Bb1 Bxf4 23. exf4 Qf6 24. f5 Ne8 25. Qf4 Ng7 26. g4 1-0

[Event "25. Open Internacional de Andorra"]
[Site "Andorra AND"]
[Date "2007.07.03"]
[Round "4.18"]
[White "Popilsky, Gil"]
[Black "Vassallo Barroche, Mauricio"]
[Result "1/2-1/2"]
[WhiteElo "2193"]
[BlackElo "2392"]
[PlyCount "57"]
[EventDate "2007.06.30"]
[EventType "swiss"]
[EventRounds "9"]
[EventCountry "AND"]
[Source "lmi"]
[SourceDate "2007.06.30"]

1. e4 c5 2. Nf3 d6 3. d4 cxd4 4. Nxd4 Nf6 5. Nc3 g6 6. Be3 Bg7 7. f3 Nc6 8. Qd2
O-O 9. Bc4 Bd7 10. O-O-O Rb8 11. Bb3 Na5 12. Bh6 Bxh6 13. Qxh6 Nxb3+ 14. axb3
e5 15. Nde2 Be6 16. Qd2 Ne8 17. Kb1 b5 18. f4 b4 19. Nd5 Bxd5 20. Qxd5 Nf6 21.
Qxd6 Qxd6 22. Rxd6 Nxe4 23. Rd7 exf4 24. Nxf4 a5 25. Rhd1 Nc5 26. R7d5 Rfc8 27.
Nd3 Nxd3 28. R1xd3 Ra8 29. R3d4 1/2-1/2

[Event "25. Open Internacional de Andorra"]
[Site "Andorra AND"]
[Date "2007.07.03"]
[Round "4.19"]
[White "Berkovich, Mark A"]
[Black "Minina, Veronika"]
[Result "1-0"]
[WhiteElo "2387"]
[BlackElo "2130"]
[PlyCount "81"]
[EventDate "2007.06.30"]
[EventType "swiss"]
[EventRounds "9"]
[EventCountry "AND"]
[Source "lmi"]
[SourceDate "2007.06.30"]

1. Nf3 Nf6 2. g3 g6 3. b3 Bg7 4. Bb2 O-O 5. Bg2 d6 6. d4 Nbd7 7. O-O e5 8. dxe5
Ng4 9. Qd2 Ngxe5 10. c4 Qe7 11. Nxe5 Bxe5 12. Nc3 Re8 13. Rad1 a5 14. f4 Bg7
15. Nd5 Qd8 16. Bxg7 Kxg7 17. f5 f6 18. fxg6 hxg6 19. Rf4 c6 20. Nc3 Qb6+ 21.
Qd4 Qxd4+ 22. Rfxd4 Nc5 23. Kf2 Bf5 24. Rxd6 Rac8 25. Bf3 g5 26. h4 gxh4 27.
gxh4 Rh8 28. h5 Rce8 29. R1d4 Kf7 30. Rd1 Reg8 31. Rh1 Rh6 32. Rd4 Re8 33. Rhd1
Rhh8 34. Rh4 Rh6 35. Rd6 Re7 36. Rd8 Re5 37. Rhd4 Ke7 38. Rb8 Bd7 39. Na4 Ne6
40. Rd1 Nd8 41. Nb6 1-0

[Event "25. Open Internacional de Andorra"]
[Site "Andorra AND"]
[Date "2007.07.03"]
[Round "4.20"]
[White "Maura Mundo, Alejandro"]
[Black "Jakobsen, Ole"]
[Result "0-1"]
[WhiteElo "2132"]
[BlackElo "2379"]
[PlyCount "78"]
[EventDate "2007.06.30"]
[EventType "swiss"]
[EventRounds "9"]
[EventCountry "AND"]
[Source "lmi"]
[SourceDate "2007.06.30"]

1. e4 c5 2. Nf3 a6 3. c4 e6 4. Nc3 Qc7 5. d4 cxd4 6. Nxd4 Nf6 7. a3 d6 8. Be3
b6 9. Be2 Bb7 10. f3 Be7 11. Rc1 Nbd7 12. O-O O-O 13. Qd2 Rac8 14. b4 Qb8 15.
Rfd1 Bd8 16. Nb3 Bc7 17. Bf4 Ne5 18. Bg5 Ng6 19. h4 Bd8 20. Qxd6 Bc7 21. Qd4
Nh5 22. g4 Bh2+ 23. Kh1 Be5 24. Qf2 Ng3+ 25. Kg1 f5 26. gxf5 exf5 27. Nd5 fxe4
28. Nd4 Bxd5 29. cxd5 Rxc1 30. Bxc1 Bxd4 31. Rxd4 Nxe2+ 32. Qxe2 exf3 33. Qe6+
Kh8 34. d6 f2+ 35. Kf1 Qb7 36. Qe4 Qc8 37. Rd1 Qh3+ 38. Qg2 Qxh4 39. Qd5 Qg4
0-1

[Event "25. Open Internacional de Andorra"]
[Site "Andorra AND"]
[Date "2007.07.04"]
[Round "5.1"]
[White "Khenkin, Igor"]
[Black "Lopez Martinez, Josep Manuel"]
[Result "1/2-1/2"]
[WhiteElo "2629"]
[BlackElo "2563"]
[PlyCount "29"]
[EventDate "2007.06.30"]
[EventType "swiss"]
[EventRounds "9"]
[EventCountry "AND"]
[Source "lmi"]
[SourceDate "2007.06.30"]

1. d4 d5 2. c4 c6 3. Nf3 Nf6 4. Qb3 dxc4 5. Qxc4 Bf5 6. g3 e6 7. Bg2 Nbd7 8.
Nc3 Be7 9. O-O O-O 10. Re1 Ne4 11. Qb3 Qb6 12. Nh4 Bxh4 13. gxh4 Nxc3 14. bxc3
e5 15. e4 1/2-1/2

[Event "25. Open Internacional de Andorra"]
[Site "Andorra AND"]
[Date "2007.07.04"]
[Round "5.5"]
[White "Garcia Roman, Daniel"]
[Black "Postny, Evgeny"]
[Result "1/2-1/2"]
[WhiteElo "2425"]
[BlackElo "2622"]
[PlyCount "125"]
[EventDate "2007.06.30"]
[EventType "swiss"]
[EventRounds "9"]
[EventCountry "AND"]
[Source "lmi"]
[SourceDate "2007.06.30"]

1. d4 Nf6 2. c4 e6 3. Nf3 Bb4+ 4. Nbd2 O-O 5. a3 Be7 6. e3 b6 7. Bd3 Bb7 8. O-O
c5 9. b3 cxd4 10. exd4 d5 11. Bb2 Nbd7 12. Qe2 Re8 13. Rad1 Nf8 14. Ne5 Ng6 15.
f4 Bd6 16. Qe3 Qe7 17. a4 Nh4 18. Qh3 Ne4 19. Ndf3 Nxf3+ 20. gxf3 f6 21. cxd5
fxe5 22. Bxe4 g6 23. Qxe6+ Qxe6 24. dxe6 Bxe4 25. fxe4 exf4 26. e5 Bf8 27. Rxf4
Rxe6 28. d5 Ree8 29. d6 Rad8 30. Kg2 Bg7 31. Rd5 Rd7 32. Kf2 Rf7 33. Rxf7 Kxf7
34. Ke3 Ke6 35. Ke4 Rf8 36. Rd2 Bh6 37. Rc2 Rf4+ 38. Kd3 Rf3+ 39. Kc4 a6 40.
Bd4 Bf4 41. Re2 Rh3 42. Bxb6 Rxh2 43. Rxh2 Bxh2 44. Bd4 h5 45. Kc5 h4 46. Kc6
Bf4 47. d7 Bg5 48. Kc7 a5 49. d8=Q Bxd8+ 50. Kxd8 h3 51. Bg1 Kxe5 52. Bh2+ Kf5
53. Ke7 g5 54. Kd6 Ke4 55. Kc5 Kf3 56. b4 axb4 57. Kxb4 Kg2 58. a5 Kxh2 59. a6
Kg1 60. a7 h2 61. a8=Q h1=Q 62. Qa1+ Kh2 63. Qh8+ 1/2-1/2

[Event "25. Open Internacional de Andorra"]
[Site "Andorra AND"]
[Date "2007.07.04"]
[Round "5.6"]
[White "Baklan, Vladimir"]
[Black "Vila Gazquez, Javier"]
[Result "1-0"]
[WhiteElo "2618"]
[BlackElo "2415"]
[PlyCount "44"]
[EventDate "2007.06.30"]
[EventType "swiss"]
[EventRounds "9"]
[EventCountry "AND"]
[Source "lmi"]
[SourceDate "2007.06.30"]

1. e4 c5 2. Nf3 e6 3. Nc3 Nc6 4. g3 Qc7 5. Bg2 a6 6. O-O h5 7. d3 Be7 8. h3 d6
9. Be3 Nf6 10. a4 Rb8 11. Ng5 Kf8 12. f4 b5 13. axb5 axb5 14. f5 e5 15. Nb1 Qb7
16. Nd2 Ra8 17. Rb1 Bd8 18. c3 Bb6 19. Bf2 Ke7 20. Bf3 Bd8 21. Kg2 Qa7 22. Qe1
Qc7 1-0

[Event "25. Open Internacional de Andorra"]
[Site "Andorra AND"]
[Date "2007.07.04"]
[Round "5.7"]
[White "Timoshenko, Georgy"]
[Black "Mellado Trivino, Juan"]
[Result "1/2-1/2"]
[WhiteElo "2566"]
[BlackElo "2394"]
[PlyCount "66"]
[EventDate "2007.06.30"]
[EventType "swiss"]
[EventRounds "9"]
[EventCountry "AND"]
[Source "lmi"]
[SourceDate "2007.06.30"]

1. e4 e6 2. d4 d5 3. Nc3 Nf6 4. e5 Nfd7 5. f4 c5 6. Nf3 Nc6 7. Be3 Rb8 8. Qd2
Qa5 9. a3 b5 10. Ra2 c4 11. f5 Nb6 12. b4 cxb3 13. cxb3 b4 14. axb4 Qxb4 15.
Bb5 Bd7 16. fxe6 fxe6 17. O-O Be7 18. Qd3 O-O 19. Bd2 Rxf3 20. gxf3 Qxd4+ 21.
Qxd4 Nxd4 22. Bxd7 Nxd7 23. Rxa7 Nxe5 24. Rxe7 Nexf3+ 25. Kg2 Nxd2 26. Rff7 Nf5
27. Rb7 Rxb7 28. Rxb7 d4 29. Ne2 e5 30. b4 Ne3+ 31. Kf2 Ne4+ 32. Kf3 Nd2+ 33.
Kf2 Ne4+ 1/2-1/2

[Event "25. Open Internacional de Andorra"]
[Site "Andorra AND"]
[Date "2007.07.04"]
[Round "5.8"]
[White "Peralta, Fernando"]
[Black "Panelo Muñoz, Marcelo"]
[Result "1-0"]
[WhiteElo "2563"]
[BlackElo "2392"]
[PlyCount "53"]
[EventDate "2007.06.30"]
[EventType "swiss"]
[EventRounds "9"]
[EventCountry "AND"]
[Source "lmi"]
[SourceDate "2007.06.30"]

1. d4 Nf6 2. c4 e6 3. Nc3 Bb4 4. e3 b6 5. Nge2 Ne4 6. Bd2 Nxd2 7. Qxd2 O-O 8.
g3 Ba6 9. a3 Bxc3 10. Nxc3 d6 11. b3 c6 12. Be2 Nd7 13. O-O d5 14. cxd5 Bxe2
15. Qxe2 exd5 16. Rfc1 Nf6 17. Qf3 Qd7 18. Ne2 Rac8 19. Rc2 c5 20. Rac1 Qb5 21.
dxc5 Rxc5 22. Nd4 Qa5 23. a4 Ne4 24. Nf5 Rxc2 25. Rxc2 Qe1+ 26. Kg2 Nd2 27.
Nh6+ 1-0

[Event "25. Open Internacional de Andorra"]
[Site "Andorra AND"]
[Date "2007.07.04"]
[Round "5.9"]
[White "Jakobsen, Ole"]
[Black "De la Riva Aguado, Oscar"]
[Result "1/2-1/2"]
[WhiteElo "2379"]
[BlackElo "2525"]
[PlyCount "41"]
[EventDate "2007.06.30"]
[EventType "swiss"]
[EventRounds "9"]
[EventCountry "AND"]
[Source "lmi"]
[SourceDate "2007.06.30"]

1. d4 f5 2. Bg5 g6 3. Nd2 Bg7 4. e4 fxe4 5. Nxe4 d5 6. Nc3 Nh6 7. Nf3 O-O 8.
Qd2 Nf7 9. Be3 Nc6 10. O-O-O Bf5 11. a3 Qd7 12. Nh4 Be6 13. f4 Nd6 14. h3 Bf5
15. g4 Be4 16. Nxe4 Nxe4 17. Qg2 e6 18. Nf3 Bh6 19. g5 Bg7 20. h4 Ne7 21. Ne5
1/2-1/2

[Event "25. Open Internacional de Andorra"]
[Site "Andorra AND"]
[Date "2007.07.04"]
[Round "5.10"]
[White "Del Rio Angelis, Salvador Gabriel"]
[Black "Berkovich, Mark A"]
[Result "1-0"]
[WhiteElo "2505"]
[BlackElo "2387"]
[PlyCount "69"]
[EventDate "2007.06.30"]
[EventType "swiss"]
[EventRounds "9"]
[EventCountry "AND"]
[Source "lmi"]
[SourceDate "2007.06.30"]

1. d4 Nf6 2. c4 e6 3. Nc3 Bb4 4. e3 Nc6 5. Nf3 O-O 6. Bd3 d5 7. O-O a6 8. a3
dxc4 9. Bxh7+ Nxh7 10. axb4 Nxb4 11. Ne5 b6 12. Nxc4 Bb7 13. Ra3 Nd5 14. Ne5
Nhf6 15. Ne2 Nd7 16. Nd3 f5 17. Ng3 Qe7 18. Bd2 c5 19. dxc5 bxc5 20. Nf4 Qf7
21. Nh3 Rab8 22. e4 Nb4 23. Re1 Nb6 24. Ng5 Qg6 25. Qb3 fxe4 26. Nxe6 Bd5 27.
Nxf8 Rxf8 28. Qd1 Nd3 29. Rxa6 Rxf2 30. Re3 Qf6 31. Nh1 Rf5 32. Bc3 Qh6 33. Rh3
Qc6 34. Qg4 Rf7 35. Rxb6 1-0

[Event "25. Open Internacional de Andorra"]
[Site "Andorra AND"]
[Date "2007.07.04"]
[Round "5.11"]
[White "Comas Fabrego, Luis"]
[Black "Shumiakina, Tatiana"]
[Result "1/2-1/2"]
[WhiteElo "2487"]
[BlackElo "2375"]
[PlyCount "33"]
[EventDate "2007.06.30"]
[EventType "swiss"]
[EventRounds "9"]
[EventCountry "AND"]
[Source "lmi"]
[SourceDate "2007.06.30"]

1. c4 Nf6 2. Nc3 e6 3. d4 Bb4 4. e3 O-O 5. Bd3 d5 6. cxd5 exd5 7. Nge2 Re8 8.
O-O Bd6 9. h3 a6 10. Ng3 c6 11. Qf3 Be6 12. Bd2 Nbd7 13. Rad1 Nf8 14. Nh5 N8d7
15. Nf4 Nf8 16. Nh5 N8d7 17. Nf4 1/2-1/2

[Event "25. Open Internacional de Andorra"]
[Site "Andorra AND"]
[Date "2007.07.04"]
[Round "5.12"]
[White "Damaso, Rui"]
[Black "Navarro Cia, Miguel"]
[Result "1/2-1/2"]
[WhiteElo "2438"]
[BlackElo "2338"]
[PlyCount "24"]
[EventDate "2007.06.30"]
[EventType "swiss"]
[EventRounds "9"]
[EventCountry "AND"]
[Source "lmi"]
[SourceDate "2007.06.30"]

1. d4 Nf6 2. Nf3 g6 3. c4 Bg7 4. Nc3 d5 5. cxd5 Nxd5 6. e4 Nxc3 7. bxc3 c5 8.
Be2 Bg4 9. Rb1 cxd4 10. cxd4 Bxf3 11. Bxf3 Qxd4 12. Rxb7 Nc6 1/2-1/2